Una nota sobre las pinturas de la batalla de Clavijo en la capilla de Santiago de la basílica de San Antonio en Padua (s. XIV) (Record no. 447550)
[ view plain ]
| 000 -CABECERA | |
|---|---|
| Campo de control de longitud fija | 00578nab a2200133 4500 |
| 003 - IDENTIFICADOR DEL NÚMERO DE CONTROL | |
| Campo de control | ES-SlBC |
| 005 - FECHA Y HORA DE LA ÚLTIMA TRANSACCIÓN | |
| Campo de control | 20210904011006.0 |
| 008 - CÓDIGOS DE INFORMACIÓN DE LONGITUD FIJA | |
| Campo de control de longitud fija | 131001s2012 sp ||||| |||| 00| 0 spa d |
| 040 ## - FUENTE DE LA CATALOGACIÓN | |
| Centro catalogador del origen | ES-SlBC |
| Lengua de catalogación | spa |
| 100 1# - PUNTO DE ACCESO PRINCIPAL-NOMBRE DE PERSONA | |
| Nombre de persona | Martínez Ángel, Lorenzo |
| 9 (RLIN) | 6573 |
| 245 14 - MENCIÓN DE TÍTULO | |
| Título | Una nota sobre las pinturas de la batalla de Clavijo en la capilla de Santiago de la basílica de San Antonio en Padua (s. XIV) |
| Mención de responsabilidad, etc. | Lorenzo Martínez Ángel |
| 773 0# - ENLACE AL DOCUMENTO FUENTE | |
| Parte(s) relacionada(s) | Vol. 57, Nº. 3-4, 2012 , págs. 267-273 |
| Título | Compostellanum: Revista de la Archidiócesis de Santiago de Compostela |
| Número de control del registro relacionado | Rev130 |
| Número Internacional Normalizado para Publicaciones Seriadas (ISSN) | 0573-2018 |
| 942 ## - ENTRADA DE ELEMENTOS AGREGADOS (KOHA) | |
| Fuente de clasificaión o esquema | |
| Koha [por defecto] tipo de item | Artículos de revista |
| Suprimido | Perdido | Fuente de clasificación o esquema | Estropeado | No para préstamo | Localización permanente | Localización actual | Localización en estantería | Fecha adquisición | Préstamos totales | Fecha última consulta | Fecha del precio de reemplazo | Tipo de item de Koha |
|---|---|---|---|---|---|---|---|---|---|---|---|---|
| San Esteban | San Esteban | Depósito de revistas | 01/10/2013 | 01/10/2013 | 01/10/2013 | Artículos de revista |
